<?xml version="1.0" encoding="UTF-8"?>
<marc:record xmlns:marc="http://www.loc.gov/MARC21/slim">
   <marc:leader>00000nam a2200000 a 4500</marc:leader>
   <marc:datafield ind1="1" ind2=" " tag="100">
      <marc:subfield code="a">Cox, Kelsey</marc:subfield>
      <marc:subfield code="4">aut</marc:subfield>
      <marc:subfield code="e">Verfasser/-in</marc:subfield>
   </marc:datafield>
   <marc:datafield ind1="1" ind2=" " tag="100">
      <marc:subfield code="a">Schilasky, Sabine</marc:subfield>
   </marc:datafield>
   <marc:datafield ind1="0" ind2="0" tag="245">
      <marc:subfield code="a">Party of Liars</marc:subfield>
   </marc:datafield>
   <marc:datafield ind1="0" ind2="0" tag="245">
      <marc:subfield code="b">Du bist eingeladen. Auf die tödlichste Party der Saison : Thriller</marc:subfield>
   </marc:datafield>
   <marc:datafield ind1="0" ind2="0" tag="245">
      <marc:subfield code="c">Kelsey Cox</marc:subfield>
   </marc:datafield>
   <marc:datafield ind1=" " ind2="1" tag="264">
      <marc:subfield code="a">Köln</marc:subfield>
      <marc:subfield code="b">Lübbe</marc:subfield>
      <marc:subfield code="c">2026</marc:subfield>
   </marc:datafield>
   <marc:datafield ind1=" " ind2=" " tag="250">
      <marc:subfield code="a">1. Auflage</marc:subfield>
   </marc:datafield>
   <marc:datafield ind1="1" ind2=" " tag="520">
      <marc:subfield code="a">Ein luxuriöses Anwesen, elegant gekleidete Gäste und Champagner auf einer mit Lichtern geschmückten Terrasse. Bei einer glanzvollen Party hoch über den Texas Hills treffen vier Frauen aufeinander, die kaum gegensätzlicher sein könnten: eine überforderte junge Mutter, eine verbitterte Ex-Frau, eine Sechzehnjährige, die mit dem Feuer spielt, und eine Nanny, die mehr weiß, als gut für sie ist. Sie alle sind an diesem Abend zusammengekommen, um Sophie Matthews' Geburtstag zu feiern. Doch kurz bevor die Kerzen auf der dreistöckigen Torte ausgeblasen werden, stürzt einer der Anwesenden vom Balkon - und ist sofort tot. Schnell wird klar: Jede der Frauen hat etwas zu verbergen. Würde eine von ihnen töten, damit es niemals ans Licht kommt?</marc:subfield>
   </marc:datafield>
   <marc:datafield ind1=" " ind2=" " tag="020">
      <marc:subfield code="a">9783757701895</marc:subfield>
      <marc:subfield code="9">9783757701895</marc:subfield>
   </marc:datafield>
   <marc:datafield ind1=" " ind2=" " tag="041">
      <marc:subfield code="a">ger</marc:subfield>
   </marc:datafield>
   <marc:datafield ind1=" " ind2=" " tag="300">
      <marc:subfield code="a">448 Seiten</marc:subfield>
   </marc:datafield>
</marc:record>
